| 000 | 01588cam a22003135a 4500 | ||
|---|---|---|---|
| 001 | 13625286 | ||
| 005 | 20150720103356.0 | ||
| 008 | 040616t2004 mdu frb 001 0 eng d | ||
| 020 | _a0742535258 | ||
| 020 | _a9780742535251 | ||
| 040 |
_aDLC _beng _cDLC _dDLC _dEG-ScBUE |
||
| 043 | _aaw----- | ||
| 082 | 0 | 4 |
_a303.6250956 _bMAN _222 |
| 100 | 1 |
_aMannes, Aaron, _d1970- _938232 |
|
| 245 | 1 | 0 |
_aProfiles in terror : _bthe guide to Middle East terrorist organizations / _cAaron Mannes ; foreword by R. James Woolsey. |
| 260 |
_aLanham : _bRowman & Littlefield Publishers : _bJINSA Press, _cc.2004. |
||
| 300 |
_axvii, 372 p. ; _c24 cm. |
||
| 500 | _a"Published in cooperation with JINSA Press." | ||
| 500 | _aIndex : p. 341-372. | ||
| 504 | _aIncludes bibliographical references. | ||
| 505 | 0 | _aAl-Qaeda & its affiliates : Algerian affiliates ; Al-Qaeda ; Asian affiliates and operations ; Egyptian affiliates -- Abu Nidal Organization -- Hamas -- Hizbullah -- Kurdistan Workers' party -- Palestinian Islamic Jihad -- Palestine Liberation Organization & its affiliates : Democratic Front for the Liberation of Palestine ; Fatah ; Force ; Palestine Liberation Front ; Palestine Liberation Organization and Palestinian National Authority ; Popular Front for the Liberation of Palestine-General Command. | |
| 650 | 0 |
_aTerrorists _zMiddle East. _2BUEsh |
|
| 650 | 0 |
_aNational liberation movements _zMiddle East. _2BUEsh |
|
| 651 | _2BUEsh | ||
| 653 |
_bBUSBOL _cJuly2015 |
||
| 655 |
_vreading book _934232 |
||
| 700 | 1 |
_aWoolsey, R. James, _eauthor of introduction, etc. |
|
| 942 | _2ddc | ||
| 999 |
_c20214 _d20186 |
||